00661cam a22002171 450000100060000000300080000600500170001400800460003103500190007704000270009604100080012308200200013124500980015126000500024930000430029950400260034265000150036865000100038370000250039373000250041815370BD-RjUL20211208235813.0140210s1970 1967 nyua b 000 0 eng  a(BD-RjUL)15424 aDLCcDLCdBD-RjULbeng aeng00a641.3bFOO 197010aFood and nutrition ;cby William H. Sebrell, Jr., James J. Haggerty, and the editors of Life. aNew York :bTime inc ,c1967 [Reprinted 1970] a200 p. :billus. (part col.) ;c28 cm. aBibliography: p. 196. 0aNutrition. 0aFood.1 aSebrell, William H.0 aLife (Chicago, Ill.)